Bani Israel sey Israel tak: teen mazahab ka markaz/ (Record no. 606776)

000 -LEADER
fixed length control field 00397nam a22001337a 4500
082 ## - DEWEY DECIMAL CLASSIFICATION NUMBER
Classification number 290
Author Mark MAN
100 ## - MAIN ENTRY--PERSONAL NAME
Personal name Dr. Muhammad Mushtaq Ahmad Mangat
245 ## - TITLE STATEMENT
Title Bani Israel sey Israel tak: teen mazahab ka markaz/
Statement of responsibility, etc. Dr. Muhammad Mushtaq Ahmad Mangat
260 ## - PUBLICATION, DISTRIBUTION, ETC.
Place of publication, distribution, etc. Lahore:
Name of publisher, distributor, etc. Aasim publications;
Date of publication, distribution, etc. 2021.
300 ## - PHYSICAL DESCRIPTION
Extent 83p.
563 ## - BINDING INFORMATION
Binding note PB
650 ## - SUBJECT ADDED ENTRY--TOPICAL TERM
Topical term or geographic name entry element Bani Israel,
942 ## - ADDED ENTRY ELEMENTS (KOHA)
Source of classification or shelving scheme
Koha item type Book
650 ## - SUBJECT ADDED ENTRY--TOPICAL TERM
-- 118572
Holdings
Withdrawn status Lost status Source of classification or shelving scheme Materials specified (bound volume or other part) Damaged status Not for loan Permanent Location Current Location Date acquired Source of acquisition Total Checkouts Full call number Barcode Date last seen Price effective from Koha item type
      Donation     Central Library (CL) Central Library (CL) 10/28/2023 Donation   290 MAN CL-D-2507 10/28/2023 10/28/2023 Book
© 2023 Central Library, National University of Sciences and Technology. All Rights Reserved.